Missing Word: Simpsons Chalkboard Gag (A-Z) Quiz Stats

 Plays Quiz Updated Sep 20, 2018

Score 0/24 Timer 06:00
0 Plays Today
Gag Missing Word % Correct
'I will not hide behind the Fifth _________.'Amendment
87.4%
'I will only do this once a ____.'Year
87.2%
'I will not re-transmit without the express permission of _____ League Baseball.'Major
84.7%
''Bart Bucks' are not legal ______.'Tender
82.4%
'I will not yell 'She's dead' during ____ call.'Roll
81.9%
'__ ne parle pas français.'Je
79.7%
'There are plenty of businesses like ____ business.'Show
78.5%
'_________ should be worn on the inside.'Underwear
78.4%
'I will not scare the ____ president.'Vice
75.5%
'I did not learn everything I need to know in ____________.'Kindergarten
74.6%
'I will not whittle ____ passes out of soap.'Hall
73.6%
'_____ transplants are best left to the professionals.'Organ
71.7%
Gag Missing Word % Correct
'I will ______ what I staFinish
68.9%
'Adding 'just kidding' doesn't make it okay to insult the _________.'Principal
68.1%
'______ burns are not our cultural heritage.'Indian
67.2%
'_____ are neither fruit nor musical.'Beans
60.6%
'I will never win an ____.'Emmy
53.9%
'_____ teeth don't need my help.'Loose
51.7%
'I will not _____ my butt.'Xerox
48.5%
'_______ writing does not mean what I think it does.'Cursive
45.4%
'I do not have power of attorney over first _______.'Graders
41.5%
'Grammar is not a time of _____.'Waste
20%
'I will not hang ______ on my person.'Donuts
13.4%
'I will not defame ___ _______.' (2 words)New Orleans
6.7%

Today's Daily Dose

Missing Word
Sherlocks

Word Ladder
King of the Hill

Quick Pick
Songs in Pink

Get the Picture
NBA Teammates

You're not logged in!

Compare scores with friends on all Sporcle quizzes.
OR
Log In

Sporcle TV

Today on Sporcle TV


Watch our educational content, quiz creation guides, and fun videos on Sporcle TV.

Show Comments

Extras

Top Quizzes Today


Score Distribution

Your Account Isn't Verified!

In order to create a playlist on Sporcle, you need to verify the email address you used during registration. Go to your Sporcle Settings to finish the process.

Report this User

Report this user for behavior that violates our Community Guidelines.

Details: